Statistics for Senegal First Level Subdivisions

Click here to take the quiz!

General Stats

  • This quiz has been taken 18 times
  • The average score is 4 of 14

Answer Stats

Régions% Correct
Dakar
100%
Saint-Louis
43%
Fatick
29%
Louga
29%
Thiès
29%
Ziguinchor
29%
Diourbel
14%
Kaffrine
14%
Kaolack
14%
Kédougou
14%
Kolda
14%
Matam
14%
Sédhiou
14%
Tambacounda
14%

Score Distribution

Percentile by Number Answered

Percent of People with Each Score

Your Score History

You have not taken this quiz